00636nam a2200157 a 45000010005000000030009000050080041000140400028000550820015000831000030000982450077001282600071002053000015002765050158002916500029004491493CO-ViMGA141112s2004 ck r 000 u spa d aCO-ViMGAbspacCO-ViMGA04a624.1 V1531 aValencia Clement, Gabriel10aEstructuras de acero : bdiseño con factores de carga y de resistencia aSantafé de Bogotá : bEscuela Colombiana de Ingenieria, c1997 a512 p : il aDiseño con factores de carga y de resistencia 47 - - Compresión 85 - - Vigas ensambladas 257 - - Pandeo local 357 - - Solicitaciones combinadas 407 14aESTRUCTURAS - INGENIERIA